000
00233nam a22000977a 4500
999
_c
526490
_d
526490
082
_a
SNT T471x31 A554
100
_a
Gupta, Neeraj
_9
45657
245
_a
Intellectual property portfolio
260
_a
Berlin
_b
SIDBI
_c
2015
300
_a
174p.